2026 Power Rankings - Statistics

General Stats
  • This quiz has been taken 11 times
    7 since last reset
  • The average score is 22 of 33
Answer Stats
Hint Answer % Correct
1 China
100%
2 United States
100%
22 Argentina
86%
29 Brazil
86%
25 Egypt
86%
18 France
86%
16 Germany
86%
10 India
86%
4 Indonesia
86%
9 Iran
86%
5 Israel
86%
8 Japan
86%
11 Pakistan
86%
19 Saudi Arabia
86%
32 South Africa
86%
20 South Korea
86%
17 United Kingdom
86%
14 Poland
71%
3 Russia
71%
6 Switzerland
71%
7 Ukraine
71%
13 Vietnam
71%
28 Nigeria
57%
30 Philippines
57%
26 Singapore
57%
24 Morocco
43%
21 North Korea
43%
23 Chile
29%
15 Ethiopia
29%
27 Azerbaijan
14%
31 Burkina Faso
14%
33 Hungary
14%
12 Rwanda
14%
No matching quizzes found
Score Distribution
Percent of People with Each Score
Percentile by Number Answered
Your Score History
You have not taken this quiz since the last reset